Lanean...

Remembering revolution

Xehetasun bibliografikoak
Egile nagusia: Srila roy
Formatua: Printed Book
Hizkuntza:English
Argitaratua: New Delhi :Oxford University Press, 2012.
LEADER 00488nam a22001217a 4500
008 111204s9999 xx 000 0 eng d
100 |a Srila roy 
245 |a Remembering revolution  |c /Srila roy 
260 |b New Delhi :Oxford University Press,   |c 2012. 
300 |a 252p. 
942 |c BK 
999 |c 232355  |d 232355 
952 |0 0  |1 0  |2 ddc  |4 0  |6 E_322_420000000000000_SRI_R  |7 0  |9 257442  |a MAL  |b MAL  |c ST1  |d 2013-04-28  |e Book Port, Bill No.86 Date:16-03-2013  |g 725.00  |l 0  |o E 322.42 SRI/R  |p MAL34995  |r 2013-04-28  |w 2013-04-28  |y BK